<?xml version="1.0" encoding="UTF-8"?>
<record
    xmlns:xsi="http://www.w3.org/2001/XMLSchema-instance"
    xsi:schemaLocation="http://www.loc.gov/MARC21/slim http://www.loc.gov/standards/marcxml/schema/MARC21slim.xsd"
    xmlns="http://www.loc.gov/MARC21/slim">

  <leader>02715cam a2200349 i 4500</leader>
  <controlfield tag="001">991107337503406196</controlfield>
  <controlfield tag="005">20250828104920.0</controlfield>
  <controlfield tag="008">231205t20242024fr            001 0 fre  </controlfield>
  <datafield tag="010" ind1=" " ind2=" ">
    <subfield code="a">  2023485307</subfield>
  </datafield>
  <datafield tag="020" ind1=" " ind2=" ">
    <subfield code="a">9782226487162</subfield>
    <subfield code="q">(other)</subfield>
  </datafield>
  <datafield tag="020" ind1=" " ind2=" ">
    <subfield code="a">2226487166</subfield>
  </datafield>
  <datafield tag="029" ind1="1" ind2=" ">
    <subfield code="a">AU@</subfield>
    <subfield code="b">000076665395</subfield>
  </datafield>
  <datafield tag="035" ind1=" " ind2=" ">
    <subfield code="a">(OCoLC)1435485773</subfield>
    <subfield code="z">(OCoLC)1419440778</subfield>
  </datafield>
  <datafield tag="035" ind1=" " ind2=" ">
    <subfield code="a">(OCoLC)on1435485773</subfield>
  </datafield>
  <datafield tag="040" ind1=" " ind2=" ">
    <subfield code="a">DLC</subfield>
    <subfield code="b">eng</subfield>
    <subfield code="e">rda</subfield>
    <subfield code="c">DLC</subfield>
    <subfield code="d">OCLCO</subfield>
    <subfield code="d">AUXAM</subfield>
    <subfield code="d">TOH</subfield>
    <subfield code="d">C3L</subfield>
    <subfield code="d">HUL</subfield>
    <subfield code="d">MCCPP</subfield>
    <subfield code="d">IG#</subfield>
    <subfield code="d">CUS</subfield>
    <subfield code="d">OCLCO</subfield>
  </datafield>
  <datafield tag="041" ind1=" " ind2=" ">
    <subfield code="a">French</subfield>
  </datafield>
  <datafield tag="042" ind1=" " ind2=" ">
    <subfield code="a">pcc</subfield>
  </datafield>
  <datafield tag="050" ind1="0" ind2="0">
    <subfield code="a">PQ2719.C438</subfield>
    <subfield code="b">Y34 2024</subfield>
  </datafield>
  <datafield tag="100" ind1=" " ind2=" ">
    <subfield code="a">Schlesser, Thomas,</subfield>
    <subfield code="e">author.</subfield>
    <subfield code="1">https://id.oclc.org/worldcat/entity/E39PBJtH3MJHvBDdvw93VCcpT3</subfield>
    <subfield code="9">25835</subfield>
  </datafield>
  <datafield tag="245" ind1="1" ind2="4">
    <subfield code="a">Les yeux de Mona </subfield>
    <subfield code="b">: roman </subfield>
    <subfield code="c">/ Thomas Schlesser.</subfield>
  </datafield>
  <datafield tag="264" ind1=" " ind2="1">
    <subfield code="a">Paris :</subfield>
    <subfield code="b">Albin Michel,</subfield>
    <subfield code="c">[2024]</subfield>
  </datafield>
  <datafield tag="300" ind1=" " ind2=" ">
    <subfield code="a">484 pages ;</subfield>
    <subfield code="c">23 cm</subfield>
  </datafield>
  <datafield tag="520" ind1=" " ind2=" ">
    <subfield code="a">Cinquante-deux semaines: c'est le temps qu'il reste &#xE0; Mona pour d&#xE9;couvrir toute la beaut&#xE9; du monde. C'est le temps que s'est donn&#xE9; son grand-p&#xE8;re, un homme &#xE9;rudit et fantasque, pour l'initier, chaque mercredi apr&#xE8;s l'&#xE9;cole, &#xE0; une &#xC3;&#xBA;uvre d'art, avant qu'elle ne perde, peut-&#xEA;tre pour toujours, l'usage de ses yeux. Ensemble, ils vont sillonner le Louvre, Orsay et Beaubourg. Ensemble, ils vont s'&#xE9;merveiller, s'&#xE9;mouvoir, s'interroger, happ&#xE9;s par le spectacle d'un tableau ou d'une sculpture. Empruntant les regards de Botticelli, Vermeer, Goya, Courbet, Claudel, Kahlo ou Basquiat, Mona d&#xE9;couvre le pouvoir de l'art et apprend le don, le doute, la m&#xE9;lancolie ou la r&#xE9;volte, un pr&#xE9;cieux tr&#xE9;sor que son grand-p&#xE8;re souhaite inscrire en elle &#xE0; jamais. Retrouvez les 52 chefs-d'&#xC3;&#xBA;uvre &#xE0; l'int&#xE9;rieur de la jaquette d&#xE9;pliable.</subfield>
  </datafield>
  <datafield tag="520" ind1=" " ind2=" ">
    <subfield code="a">Fifty-two weeks: that is the time Mona has left to discover all the beauty of the world. It is the time her grandfather&#x2014;an erudite and whimsical man&#x2014;has set himself to introduce her, every Wednesday after school, to a masterpiece of art, before she may lose, perhaps forever, the use of her eyes.

Together, they wander through the Louvre, the Mus&#xE9;e d&#x2019;Orsay and the Centre Pompidou. Together, they marvel, feel moved, and question, swept away by the spectacle of a painting or a sculpture. Through the eyes of Botticelli, Vermeer, Goya, Courbet, Claudel, Kahlo or Basquiat, Mona discovers the power of art and learns of generosity, doubt, melancholy and rebellion&#x2014;a precious treasure her grandfather longs to leave within her for ever.</subfield>
  </datafield>
  <datafield tag="546" ind1=" " ind2=" ">
    <subfield code="a">In French.</subfield>
  </datafield>
  <datafield tag="650" ind1=" " ind2="0">
    <subfield code="a"> Art</subfield>
    <subfield code="x">Appreciation</subfield>
    <subfield code="v">Fiction.</subfield>
  </datafield>
  <datafield tag="650" ind1=" " ind2="0">
    <subfield code="a">Museums</subfield>
    <subfield code="v">Fiction.</subfield>
  </datafield>
  <datafield tag="650" ind1=" " ind2="0">
    <subfield code="a">Children with visual disabilities</subfield>
    <subfield code="v">Fiction.</subfield>
  </datafield>
  <datafield tag="650" ind1=" " ind2="0">
    <subfield code="a">Grandparent and child</subfield>
    <subfield code="v">Fiction.</subfield>
  </datafield>
  <datafield tag="651" ind1=" " ind2="0">
    <subfield code="a">Paris (France)</subfield>
    <subfield code="v">Fiction.</subfield>
  </datafield>
  <datafield tag="942" ind1=" " ind2=" ">
    <subfield code="2">lcc</subfield>
  </datafield>
  <datafield tag="952" ind1=" " ind2=" ">
    <subfield code="0">0</subfield>
    <subfield code="1">0</subfield>
    <subfield code="2">lcc</subfield>
    <subfield code="4">0</subfield>
    <subfield code="7">0</subfield>
    <subfield code="a">TBS</subfield>
    <subfield code="b">TBS</subfield>
    <subfield code="d">2025-08-28</subfield>
    <subfield code="l">0</subfield>
    <subfield code="o">P-FR SCH</subfield>
    <subfield code="p">B07711</subfield>
    <subfield code="r">2025-08-28</subfield>
    <subfield code="t">1</subfield>
    <subfield code="w">2025-08-28</subfield>
    <subfield code="y">1</subfield>
  </datafield>
  <datafield tag="999" ind1=" " ind2=" ">
    <subfield code="c">4899</subfield>
    <subfield code="d">4899</subfield>
  </datafield>
</record>
